000 00604nam a2200193Ia 4500
003 GCL
005 20240530110317.0
008 140319s9999 xx 000 0 ara d
040 _aGCL /
_cGCL
082 0 4 _a922
_bاا
100 1 _aالسيد محسن الامين
245 1 0 _aاعيان الشيعة /
_cالسيد محسن الامين
260 _aبيروت :
_bدار التعارف للمطبوعات ،
_c1986
490 _aشكاوى المصرى الفصيح
_v0
650 0 4 _aالاسلام
650 0 4 _aالفرق الاسلامية
650 0 4 _aالشيعة
942 _2ddc
_cREF
999 _c59671
_d59671